[Event "Mittelfranken-ch HT 59th"]
[Site "Forchheim"]
[Date "2010.04.03"]
[Round "9"]
[White "Suess, Stefan"]
[Black "Ross, Thomas"]
[Result "1-0"]
[WhiteElo "1929"]
[BlackElo "1936"]
[PlyCount "55"]
[EventDate "2010.03.30"]
[EventType "swiss"]
[EventRounds "9"]
[EventCountry "GER"]
[SourceTitle "EXT 2011"]
[Source "ChessBase"]
[SourceDate "2010.11.26"]
[SourceVersion "1"]
[SourceVersionDate "2010.11.26"]
[SourceQuality "1"]

1. b3 e5 2. Bb2 Nc6 3. c4 g6 4. d3 Bg7 5. e3 d6 6. Nd2 f5 7. a3 Nf6 8. Qc2 Be6 9. Ngf3 h6 10. d4 exd4 11. exd4 Bf7 12. 0-0-0 0-0 13. Bd3 a5 14. h3 a4 15. g4 axb3 16. Nxb3 fxg4 17. hxg4 Ra4 18. g5 Nh5 19. Rxh5 gxh5 20. gxh6 Bxh6+ 21. Nbd2 Qa8 22. Rg1+ Bg7 23. d5 Ne5 24. Nxe5 dxe5 25. Rxg7+ Kxg7 26. Bxe5+ Kh6 27. Bf4+ Kg7 28. Qc3+ 1-0

[Event "Mittelfranken-chTB2b 0910"]
[Site "Mittelfranken"]
[Date "2010.02.21"]
[Round "7.1"]
[White "Rausch, Wolfgang"]
[Black "Ross, Thomas"]
[Result "1-0"]
[WhiteElo "1977"]
[BlackElo "1987"]
[PlyCount "77"]
[EventDate "2009.10.11"]
[EventType "team-tourn"]
[EventRounds "9"]
[EventCountry "GER"]
[SourceTitle "EXT 2011"]
[Source "ChessBase"]
[SourceDate "2010.11.26"]
[SourceVersion "1"]
[SourceVersionDate "2010.11.26"]
[SourceQuality "1"]
[WhiteTeam "Nuernberg NT IV"]
[BlackTeam "Buechenbach/Roth II"]
[WhiteTeamCountry "GER"]
[BlackTeamCountry "GER"]

1. d4 d5 2. c4 e6 3. Nf3 Nf6 4. Bg5 Be7 5. e3 0-0 6. Nbd2 b6 7. Bd3 Bb7 8. 0-0 h6 9. Bxf6 Bxf6 10. Rc1 dxc4 11. Nxc4 Nd7 12. e4 Re8 13. Bb1 Rc8 14. b4 Be7 15. Qb3 c6 16. Rfd1 Rc7 17. a3 Qa8 18. Ne3 Rec8 19. Qd3 Nf8 20. Ne5 Bg5 21. g3 Bf6 22. N5g4 Be7 23. f4 h5 24. Nf2 Rd7 25. Qe2 Rcd8 26. Qxh5 Rxd4 27. Rxd4 Rxd4 28. Neg4 g6 29. Qe5 c5 30. Nh6+ Kh7 31. Nxf7 Kg8 32. Nh6+ Kh7 33. Nhg4 Qd8 34. bxc5 bxc5 35. f5 exf5 36. exf5 Kg8 37. fxg6 Bg5 38. Re1 Nxg6 39. Bxg6 1-0